Создание украшений в технологии фьюзинг по мотивам северной культуры народов Сибири; Молодежь и современные информационные технологии; Т. 2

Detaylı Bibliyografya
Parent link:Молодежь и современные информационные технологии: сборник трудов XIV Международной научно-практической конференции студентов, аспирантов и молодых ученых, г. Томск, 7-11 ноября 2016 г./ Национальный исследовательский Томский политехнический университет (ТПУ), Институт кибернетики (ИК) ; под ред. В. С. Аврамчук [и др.].— , 2016
Т. 2.— 2016.— [С. 193-194]
Yazar: Куценко Л. Е.
Müşterek Yazar: Национальный исследовательский Томский политехнический университет (ТПУ) Институт кибернетики (ИК)
Diğer Yazarlar: Ермолина Д. И., Кухта М. С. Мария Сергеевна
Özet:Заглавие с титульного экрана
Dil:Rusça
Baskı/Yayın Bilgisi: 2016
Seri Bilgileri:Компьютерная графика и дизайн
Konular:
Online Erişim:http://earchive.tpu.ru/handle/11683/37185
Materyal Türü: Elektronik Kitap Bölümü
KOHA link:https://koha.lib.tpu.ru/cgi-bin/koha/opac-detail.pl?biblionumber=622305

MARC

LEADER 00000naa2a2200000 4500
001 622305
005 20231227134450.0
035 |a (RuTPU)RU\TPU\conf\20984 
035 |a RU\TPU\conf\20979 
090 |a 622305 
100 |a 20170215d2016 k y0rusy50 ca 
101 0 |a rus 
102 |a RU 
105 |a y z 101zy 
135 |a drcn ---uucaa 
181 0 |a i  
182 0 |a b 
200 1 |a Создание украшений в технологии фьюзинг по мотивам северной культуры народов Сибири  |f Л. Е. Куценко, Д. И. Ермолина, М. С. Кухта 
203 |a Текст  |c электронный 
225 1 |a Компьютерная графика и дизайн 
300 |a Заглавие с титульного экрана 
320 |a [Библиогр.: с. 194 (7 назв.)] 
461 1 |0 (RuTPU)RU\TPU\conf\20573  |t Молодежь и современные информационные технологии  |o сборник трудов XIV Международной научно-практической конференции студентов, аспирантов и молодых ученых, г. Томск, 7-11 ноября 2016 г.  |o в 2 т.  |f Национальный исследовательский Томский политехнический университет (ТПУ), Институт кибернетики (ИК) ; под ред. В. С. Аврамчук [и др.]  |d 2016 
463 0 |0 (RuTPU)RU\TPU\conf\20575  |t Т. 2  |v [С. 193-194]  |d 2016 
610 1 |a электронный ресурс 
610 1 |a труды учёных ТПУ 
610 1 |a украшения 
610 1 |a фьюзинг 
610 1 |a северная культура 
610 1 |a народы Сибири 
700 1 |a Куценко  |b Л. Е. 
701 1 |a Ермолина  |b Д. И. 
701 1 |a Кухта  |b М. С.  |c специалист в области промышленного дизайна  |c профессор Томского политехнического университета, доктор философских наук  |f 1963-  |g Мария Сергеевна  |3 (RuTPU)RU\TPU\pers\28641  |9 13457 
712 0 2 |a Национальный исследовательский Томский политехнический университет (ТПУ)  |b Институт кибернетики (ИК)  |3 (RuTPU)RU\TPU\col\18397 
801 2 |a RU  |b 63413507  |c 20170217  |g RCR 
856 4 |u http://earchive.tpu.ru/handle/11683/37185 
942 |c BK